| 000 | 00685nam a2200241 a 4500 | ||
|---|---|---|---|
| 001 | BRL_1078 | ||
| 005 | 20190320211026.0 | ||
| 008 | 081113s1972----mx-ao#####---#000-0#spa-# | ||
| 041 | _aspa | ||
| 044 | _amx | ||
| 050 | 4 |
_aNK844 _b.E87 1972 |
|
| 100 | 1 |
_aEspejel, Carlos _925222 |
|
| 245 | 1 | 0 |
_aLas artesanías tradicionales en México _cCarlos Espejel. |
| 260 |
_aMéxico, D.F. _bSecretaría de Educación Pública _c1972 |
||
| 300 |
_a158 p. _bil. _c17 cm. |
||
| 440 | 0 |
_aSepsetentas _v45 _922717 |
|
| 500 | _aAu1223 | ||
| 650 | 1 | 4 |
_aArtesanías _zMéxico _93976 |
| 650 | 1 | 4 |
_aArte popular _zMéxico _9882 |
| 650 | 1 | 4 |
_aArte indígena _zMéxico _9597 |
| 902 | _aGRL | ||
| 942 |
_2lcc _cB |
||
| 999 |
_c9890 _d9890 |
||